00650 a2200229 4500260001000000630009900010037001200109650002800121100001800149260001000167245009800177300001100275650002400286260000900310300001000319100000700329037001200336037001200348440002900360250001300389020001800402 aParis a65 - Gestion et organisation de lindustrie, du commerce, de la communication et des transports b2, WVSC a6 - SCIENCES APPLIQUEES aFournis, Yves bDunod aLes études de marché : Techniques d'enquête, sondages, interprétation des résultats a199 p. a Etude de marché  c1995 b24 cm lFr aDE 9774 aDE 9773 aFonction de l'entreprise a3e éd. a2-10-002650-X